<?xml version="1.0" encoding="UTF-8"?>
<record
    xmlns:xsi="http://www.w3.org/2001/XMLSchema-instance"
    xsi:schemaLocation="http://www.loc.gov/MARC21/slim http://www.loc.gov/standards/marcxml/schema/MARC21slim.xsd"
    xmlns="http://www.loc.gov/MARC21/slim">

  <leader>01311nam a2200265 i 4500</leader>
  <controlfield tag="001">157936</controlfield>
  <controlfield tag="003">ES-MaACL</controlfield>
  <controlfield tag="005">20260214184937.0</controlfield>
  <controlfield tag="008">020820s1887    fr           |||| | fre d</controlfield>
  <datafield tag="040" ind1=" " ind2=" ">
    <subfield code="a">CCPB | B </subfield>
    <subfield code="b">spa </subfield>
    <subfield code="c">CCPB | B</subfield>
  </datafield>
  <datafield tag="100" ind1="1" ind2=" ">
    <subfield code="a">Lombroso, Cesare, </subfield>
    <subfield code="d">1835-1909</subfield>
    <subfield code="9">242173</subfield>
  </datafield>
  <datafield tag="245" ind1="1" ind2="2">
    <subfield code="a">L'homme criminel </subfield>
    <subfield code="b">: criminel-n&#xE9;, fou moral, &#xE9;pileptique : &#xE9;tude anthropologique et m&#xE9;dico-l&#xE9;gale / </subfield>
    <subfield code="c">par C&#xE9;sar Lombroso ; traduit sur la IVe &#xE9;dition italienne par Regnier et Bournet et pr&#xE9;c&#xE9;d&#xE9; d'une pr&#xE9;face du Ch. L&#xE9;tourneau.</subfield>
  </datafield>
  <datafield tag="260" ind1=" " ind2=" ">
    <subfield code="a">Paris : </subfield>
    <subfield code="b">ancienne Librairie Germer Bailli&#xE8;re et C\pie\s, F&#xE9;lix Alcan, &#xE9;diteur, </subfield>
    <subfield code="c">1887 (</subfield>
    <subfield code="e">Coulommiers : </subfield>
    <subfield code="f">Typ. P. Brodard et Gallois)</subfield>
  </datafield>
  <datafield tag="300" ind1=" " ind2=" ">
    <subfield code="a">2 v. ( T.I (XXIV, 682 p.) - T.II, Atlas (13 p., XXXII h. de l&#xE1;m.) ;</subfield>
    <subfield code="c">22 cm.</subfield>
  </datafield>
  <datafield tag="490" ind1="1" ind2=" ">
    <subfield code="a">Biblioth&#xE8;que de philosophie contemporaine</subfield>
  </datafield>
  <datafield tag="650" ind1=" " ind2="7">
    <subfield code="a">Antropolog&#xED;a criminal</subfield>
    <subfield code="2">embne</subfield>
    <subfield code="9">9866</subfield>
  </datafield>
  <datafield tag="650" ind1=" " ind2="4">
    <subfield code="a">Criminolog&#xED;a.</subfield>
    <subfield code="9">135832</subfield>
  </datafield>
  <datafield tag="700" ind1="1" ind2=" ">
    <subfield code="a">Bournet, Albert, </subfield>
    <subfield code="d">1854-1895</subfield>
    <subfield code="9">158367</subfield>
  </datafield>
  <datafield tag="700" ind1="0" ind2=" ">
    <subfield code="a">Letourneau, Charles.</subfield>
    <subfield code="9">71888</subfield>
  </datafield>
  <datafield tag="700" ind1="1" ind2=" ">
    <subfield code="a">Regnier.</subfield>
    <subfield code="9">131665</subfield>
  </datafield>
  <datafield tag="830" ind1="0" ind2=" ">
    <subfield code="a">Biblioth&#xE8;que de philosophie contemporaine</subfield>
    <subfield code="9">181027</subfield>
  </datafield>
  <datafield tag="852" ind1=" " ind2=" ">
    <subfield code="a">ES-MaACL</subfield>
    <subfield code="j">B-5374-75 </subfield>
    <subfield code="z">-- Enc. hol. </subfield>
    <subfield code="x">-- Edic.: T.I (XXIV, 682 p.) - T.II, Atlas (13 p., XXXII h. de l&#xE1;m.)</subfield>
  </datafield>
  <datafield tag="999" ind1=" " ind2=" ">
    <subfield code="c">157936</subfield>
    <subfield code="d">157936</subfield>
  </datafield>
  <datafield tag="952" ind1=" " ind2=" ">
    <subfield code="0">0</subfield>
    <subfield code="1">0</subfield>
    <subfield code="4">0</subfield>
    <subfield code="7">0</subfield>
    <subfield code="8">LIBXIX</subfield>
    <subfield code="a">ATENEOM</subfield>
    <subfield code="b">ATENEOM</subfield>
    <subfield code="c">SPB</subfield>
    <subfield code="d">2008-01-17</subfield>
    <subfield code="l">0</subfield>
    <subfield code="o">B-5374-75</subfield>
    <subfield code="p">1165291</subfield>
    <subfield code="r">2023-02-23 00:00:00</subfield>
    <subfield code="w">2023-02-23</subfield>
    <subfield code="y">MONANT</subfield>
  </datafield>
</record>
